| 000 | 01435nam a2200337Ia 4500 | ||
|---|---|---|---|
| 001 | ebr10331314 | ||
| 003 | CaPaEBR | ||
| 006 | m u | ||
| 007 | cr cn||||||||| | ||
| 008 | 980403s1998 mauab sb 001 0 eng d | ||
| 010 | _z 98019336 | ||
| 020 | _z9780674810921 | ||
| 020 | _z0674810929 | ||
| 040 |
_aCaPaEBR _cCaPaEBR |
||
| 035 | _a(OCoLC)55720074 | ||
| 050 | 1 | 4 |
_aE446 _b.B49 1998eb |
| 100 | 1 |
_aBerlin, Ira, _d1941- |
|
| 245 | 1 | 0 |
_aMany thousands gone _h[electronic resource] : _bthe first two centuries of slavery in North America / _cIra Berlin. |
| 246 | 3 | 0 | _aSlavery in North America |
| 260 |
_aCambridge, MA : _bBelknap Press of Harvard University Press, _c1998. |
||
| 300 |
_ax, 497 p. : _bill., maps. |
||
| 504 | _aIncludes bibliographical references (p. 379-485) and index. | ||
| 533 |
_aElectronic reproduction. _bPalo Alto, Calif. : _cebrary, _d2009. _nAvailable via World Wide Web. _nAccess may be limited to ebrary affiliated libraries. |
||
| 650 | 0 |
_aSlavery _zUnited States _xHistory _y17th century. |
|
| 650 | 0 |
_aSlavery _zUnited States _xHistory _y18th century. |
|
| 650 | 0 |
_aAfrican Americans _xSocial conditions _y17th century. |
|
| 650 | 0 |
_aAfrican Americans _xSocial conditions _y18th century. |
|
| 655 | 7 |
_aElectronic books. _2local |
|
| 710 | 2 | _aebrary, Inc. | |
| 856 | 4 | 0 |
_uhttp://site.ebrary.com/lib/rucke/Doc?id=10331314 _zAn electronic book accessible through the World Wide Web; click to view |
| 999 |
_c51271 _d51271 |
||